000 00343 a2200145 4500
001 181679
020 _a
040 _cMagnum
100 _aAlencar, José de
240 1 0 _aGuerra dos mascates/grafica bentivegna
_lpor
245 1 0 _aGuerra dos mascates/grafica bentivegna
362 0 _a1899
697 _aMAGNITO: A/ANTOLOGIA
942 _cBK
999 _c181679
_d181679